000 00586nam a2200217Ia 4500
003 GCL
008 140319s9999 xx 000 0 ara d
040 _aGCL /
_cGCL
082 0 4 _aد
_b050
_bد م
100 1 _aدار الهلال
245 1 0 _aالمصور /
_cدار الهلال
260 _a[S.N] :
_bدار الهلال للطباعة والنشر
300 _a84
490 _aالف كتاب وكتاب
_v0
650 0 4 _aالاقتصاد
650 0 4 _aالادب
650 0 4 _aالسياسة
650 0 4 _aالرياضة
650 0 4 _aالفنون
942 _2ddc
_cCF
999 _c26987
_d26987